000 01106nam a22002777a 4500
999 _c63794
_d63794
005 20240530110659.0
008 171225s2016 ua a g b 000 0dara d
017 _a2014/20827
_bمصر. دار الكتب
020 _a9789777189156
040 _aEG-CaGPL
_cEG-CaGPL
082 0 4 _221
_a323.6\
_bش م
100 1 _aشنابر ، دومينيك
245 1 0 _aما المواطنة /
_cتأليف دومينيك شنابر ، كريستيان باشولييه ؛ ترجمة سونيا محمود نجا .
250 _aط.1
260 _aالقاهرة :
_bالمركز القومى للترجمة ،
_c2016 .
300 _a381 ص. ؛
_c20 سم.
490 _aالمركز القومى للترجمة ؛
_v2618
650 0 7 _2qrmak
_aحقوق الانسان
650 0 7 _2qrmak
_aحقوق الانسان
_xاتفاقيات دولية
650 0 7 _2qrmak
_aالمواطنة
651 _2qrmak
700 0 _aسونيا محمود نجا
_eمترجم
700 0 _aكريستيان باشولييه
_eمؤلف مشارك
942 _2ddc
_cBK